Enciclopedia de la Biblia / (Record no. 59126)

MARC details
000 -LEADER
campo de control de longitud fija 00514nam a2200169 i 4500
001 - NÚMERO DE CONTROL
campo de control 59126
003 - IDENTIFICADOR DE NÚMERO DE CONTROL
campo de control ES-MaACL
005 - FECHA Y HORA DE LA ÚLTIMA TRANSACCIÓN
campo de control 20230906163954.0
007 - CAMPO FIJO DE DESCRIPCIÓN FÍSICA--INFORMACIÓN GENERAL
campo de control de longitud fija t|
008 - DATOS DE LONGITUD FIJA--INFORMACIÓN GENERAL
campo de control de longitud fija 031027s1968 sp ||||1| spa d
245 00 - MENCIÓN DEL TÍTULO
Título Enciclopedia de la Biblia /
Mención de responsabilidad, etc. [versión española: Marie Paule Bol].
260 ## - PUBLICACIÓN, DISTRIBUCIÓN, ETC.
Lugar de publicación, distribución, etc. Madrid :
Nombre del editor, distribuidor, etc. Afrodisio Aguado,
Fecha de publicación, distribución, etc. [1968]
300 ## - DESCRIPCIÓN FÍSICA
Extensión 293 p., 4 lám. :
Otras características físicas il. ;
Dimensiones 19 cm.
630 04 - PUNTO DE ACCESO ADICIONAL DE MATERIA--TÍTULO UNIFORME
Título uniforme Biblia-
Subdivisión de forma Enciclopedias.
9 (RLIN) 165685
700 1# - ENTRADA AGREGADA--NOMBRE PERSONAL
Nombre de persona Bol, Marie Paule.
9 (RLIN) 29932
852 ## - LOCALIZACIÓN
Ubicación ES-MaACL
Número de control de estantería C-34470
Sublocalización o colección R.65583
Holdings
Estatus retirado Estado de pérdida Estado de daño No para préstamo Colección Biblioteca de origen Biblioteca actual Ubicación en estantería Fecha de adquisición Fuente de adquisición Total de préstamos Signatura topográfica completa Código de barras Visto por última vez Precio de reemplazo Tipo de ítem Koha
        Colección de referencia Biblioteca del Ateneo de Madrid Biblioteca del Ateneo de Madrid Depósito 2 17/01/2008     C-34470 1062023 23/02/2023 23/02/2023 Libro impreso